8 quy tắc vàng khởi nghiệp = 8 unbreakable rules for business start-up success
Gồm những kinh nghiệm kinh doanh từ khi bắt đầu khởi nghiệp như: đủ năng lực, ý tưởng kinh doanh khả thi, có kế hoạch, biết bảo vệ mình và công việc kinh doanh, xây dựng nhóm làm việc, tiếp thị, hiểu các con số và học hỏi kinh nghiệm...
שמור ב:
| מחבר ראשי: | |
|---|---|
| פורמט: | ספר |
| שפה: | Undetermined |
| יצא לאור: |
Thanh Hóa
Nxb. Thanh Hóa
2015
|
| נושאים: | |
| תגים: |
הוספת תג
אין תגיות, היה/י הראשונ/ה לתייג את הרשומה!
|
| Thư viện lưu trữ: | Trung tâm Học liệu Trường Đại học Cần Thơ |
|---|
| LEADER | 01014nam a2200217Ia 4500 | ||
|---|---|---|---|
| 001 | CTU_204457 | ||
| 008 | 210402s9999 xx 000 0 und d | ||
| 020 | |c 69000 | ||
| 082 | |a 650.1 | ||
| 082 | |b C355 | ||
| 100 | |a Castrina, Sean C. | ||
| 245 | 0 | |a 8 quy tắc vàng khởi nghiệp = | |
| 245 | 0 | |b 8 unbreakable rules for business start-up success | |
| 245 | 0 | |c Sean C. Castrina ; Lê Minh Quân (dịch) | |
| 260 | |a Thanh Hóa | ||
| 260 | |b Nxb. Thanh Hóa | ||
| 260 | |c 2015 | ||
| 520 | |a Gồm những kinh nghiệm kinh doanh từ khi bắt đầu khởi nghiệp như: đủ năng lực, ý tưởng kinh doanh khả thi, có kế hoạch, biết bảo vệ mình và công việc kinh doanh, xây dựng nhóm làm việc, tiếp thị, hiểu các con số và học hỏi kinh nghiệm | ||
| 650 | |a Success in business,Thành công trong kinh doanh | ||
| 904 | |i Hải | ||
| 980 | |a Trung tâm Học liệu Trường Đại học Cần Thơ | ||